Представление документа в формате MARC21

Поле Инд. ПП Название Значение
Тип записи a
Библиографический уровень m
001 Контрольный номер RU/IS/BASE/263564117
005 Дата корректировки 20250606150359.8
008 Кодируемые данные 19950930
020 00 a ISBN 5-211-02105-3
040 00 e Правила каталог. Мира 950930
084 a Индекс другой классификации/Индекс ББК 26.314я73; 26.304я73; 26.304.2я73; 26.304.7я73
090 00 a Полочн. индекс 26.314я73 испр.
x Авторский знак М 25
097 00 a 230
100 10 a Автор Маракушев А. А.
q Полное имя Маракушев Алексей Александрович
245 00 a Заглавие Петрография
b Продолж. заглавия учебник
260 00 a Место издания Москва
b Издательство Издательство Московского университета
c Дата издания 1993
300 00 a Объем 320 с.
b Иллюстрации/ тип воспроизводства ил.
336 a Термин вида содержания Текст
337 a Термин типа средства непосредственный
650 a Основная рубрика геология
a Основная рубрика науки о Земле
a Основная рубрика петрология (петрография)
653 00 a Ключевые слова горные породы
a Ключевые слова лунные породы
a Ключевые слова магматические породы
a Ключевые слова метаморфические породы
a Ключевые слова метасоматические породы
a Ключевые слова метеориты
a Ключевые слова планетология
655 00 a Жанр/ форма (устаревшее) учебное пособие
901 t Тип документа m
952 a Тип литературы для КСУ ВШ УИ
954 a Гриф 1.1.1